000 00574nam a2200193Ia 4500
005 20250508161546.0
008 008 250505s9999 xx 000 0 eng d
037 _aTextual
040 _aFEDL
_beng
_cFEDL
041 _aeng
_2eng
084 _a301.153, MAS
_qFEDL
100 _aMashruwala K. G.
_9577631
245 0 _aPractical non - violence (and ideology of non - violence)
260 _aAhmedabad, India
_bNavjivan Prakashan Mandir
_c1941
300 _avii,47p.
650 _aSociology
942 _cTEXL
_h301.153, MAS
999 _c1370776
_d1370776